| 000 | 01877nam a2200361 a 4500 | ||
|---|---|---|---|
| 003 | BLK | ||
| 005 | 20230810115536.0 | ||
| 008 | 180411b bul|||||r ||||||| ||bul|| | ||
| 010 | _aKNG00216166000 | ||
| 020 | _a954-607-001-7 | ||
| 040 | _aBLK | ||
| 041 |
_aBUL _cBUL |
||
| 080 |
_aНемска литература _b821.112.2 _x-96 _z821.112.2-96 |
||
| 100 | 1 |
_aНовалис _eпърви автор _gХарденберг, Фридрих Филип Леополд барон фон _9103697 |
|
| 139 |
_aНовалис _bН 85 |
||
| 245 | 1 | 0 |
_aУчениците на Саис _bСб. _cНовалис; състав. Иван Колев; прев. от нем. Федя Филкова; прев. от нем. Никола Георгиев. |
| 257 | _aBGR | ||
| 260 |
_aСофия _bЛИК _c1993 |
||
| 300 |
_a220 с. _c20 см |
||
| 380 | _aX | ||
| 490 |
_aБиблиотека Касталия _v2 |
||
| 500 | _aПрев. е направен от Werke in vier Teilen / Novalis. - Съдържа и Новалис / В. Дилтай ; Прев. Н. Георгиев. - Новалис - псевд. на Фридрих-Леополд фон Харденберг. - Офс. изд. - Съдържа: Учениците от Саис ; Вяра и Любов или Кралят и Кралицата ; Християнството или Европа ; Фрагменти | ||
| 700 | 1 |
_aКолев, Иван _eсъстав. _9363827 |
|
| 700 | 1 |
_aФилкова, Федя _eпрев. от нем. _9366778 |
|
| 700 | 1 |
_aГеоргиев, Никола _eпрев. от нем. _gАндреев, Никола Георгиев _9364530 |
|
| 852 |
_aЦб 176930 _bЦб |
||
| 856 | 4 | _qpdf | |
| 856 | 4 | _qpdf | |
| 942 |
_cKNG _n0 |
||
| 944 |
_aCR _c16.02.2018 _k30534 _lРадостина Карадакова |
||
| 944 |
_aED _c16.02.2018 _kСимона_Петрова |
||
| 999 |
_c206417 _d206417 |
||
| 999 | _d206417 | ||